| 000 | 00414nam a22001697a 4500 | ||
|---|---|---|---|
| 003 | NUST - PNEC | ||
| 005 | 20170116181056.0 | ||
| 008 | 151001b xxu||||| |||| 00| 0 eng d | ||
| 020 | _a0304306126 | ||
| 040 | _cLIBRARY | ||
| 082 | _a620.0028 GAL | ||
| 100 |
_912070 _aGalyer, John |
||
| 245 |
_aMetrology for engineers _cJohn Galyer |
||
| 260 | _cc1980. | ||
| 650 |
_912072 _aMeasurement _xME |
||
| 942 |
_2ddc _cBK |
||
| 999 |
_c68556 _d68556 |
||